Lanean...
Economic and commercial geography
| Egile nagusia: | |
|---|---|
| Formatua: | Printed Book |
| Argitaratua: |
Agra
Shivalal agarwala & Company
|
| Gaiak: |
| LEADER | 00504nam a22001577a 4500 | ||
|---|---|---|---|
| 082 | |a 330.9 |b MAM/E | ||
| 100 | |a Mamoria,C.B | ||
| 245 | |a Economic and commercial geography | ||
| 260 | |a Agra |b Shivalal agarwala & Company | ||
| 300 | |a 520p. | ||
| 650 | |a India | ||
| 650 | |a Commercial geography | ||
| 650 | |a Economic geography | ||
| 942 | |c BK | ||
| 999 | |c 42270 |d 42270 | ||
| 952 | |0 0 |1 0 |4 0 |6 330_900000000000000_MAME |7 0 |8 Stack |9 45944 |a KUCL |b KUCL |c Stack |d 2016-10-20 |g 180.00 |l 0 |o 330.9 MAM/E |p 43613 |r 2016-10-20 |w 2016-10-20 |y BK | ||